000 00727nam a2200289Ia 4500
005 20260324130713.0
008 008 260324s9999 xx 000 0 eng d
020 _a9781315429533
037 _aEBOOK
040 _aCRL
040 _beng
040 _cCRL
041 _2eng
041 _aeng
084 _qCRL
100 _aDan Hicks; Laura McAtackney; Graham Fairclough
_91182786
245 0 _aEnvisioning Landscape
245 0 _bSituations and Standpoints in Archaeology and Heritage
260 _bTaylor and Francis
260 _c2007
365 _a
365 _b255
856 _uhttp://www.taylorfrancis.com/books/9781315429533
942 _cEBOOK
999 _c1779183
_d1779183